AT&P Journal Plus

Gespeichert in:
Bibliographische Detailangaben
Format: Schriftenreihe
Sprache:Englisch
Slowakisch
Veröffentlicht: 2009
Tags: Tag hinzufügen
Keine Tags, Fügen Sie das erste Tag hinzu!

MARC

LEADER 00000nas a22000003a 4500
001 stu185860
005 20230310100930.9
008 090619s2009------------------------eng-d
040 |a STU  |b slo 
041 0 |a eng  |a slo 
242 0 0 |b Intelligent Motion Control Systems  |y eng 
245 |a AT&P Journal Plus 
260 |c 2009 
300 |a CD-ROM 
773 0 |t AT&P Journal Plus  |w stu_us_cat*stu104051  |x 1336-5010  |7 nnas 
996 |b 284EO00175  |c E*O-175  |d Č. 1: Inteligentné pohybové systémy, 2009  |v Č. 1: Inteligentné pohybové systémy  |y 2009  |l EE0104  |s P  |a 0  |w stu185860_0001